00281 a2200109 4500082002100000100001600021245002400037260003200061300003100093650003200124700001500156 a811.728.2bC454w aChan, Amado aWaiting for my turn aBelicebFsctory Booksc2002 a48 p.bil (a color)c21 cm aLiteraturavPoesa̕zBelice aAmado Chan